| 000 -LEADER |
| fixed length control field |
02590cam a22003974a 4500 |
| 001 - CONTROL NUMBER |
| control field |
14818591 |
| 003 - CONTROL NUMBER IDENTIFIER |
| control field |
Nust |
| 005 - DATE AND TIME OF LATEST TRANSACTION |
| control field |
20170314133734.0 |
| 008 - FIXED-LENGTH DATA ELEMENTS--GENERAL INFORMATION |
| fixed length control field |
070418s2008 maua b 001 0 eng |
| 010 ## - LIBRARY OF CONGRESS CONTROL NUMBER |
| LC control number |
2007016383 |
| 016 7# - NATIONAL BIBLIOGRAPHIC AGENCY CONTROL NUMBER |
| Record control number |
101305056 |
| Source |
DNLM |
| 020 ## - INTERNATIONAL STANDARD BOOK NUMBER |
| International Standard Book Number |
978-93-80108-17-9 |
| 035 ## - SYSTEM CONTROL NUMBER |
| System control number |
(OCoLC)ocn123539480 |
| 035 ## - SYSTEM CONTROL NUMBER |
| System control number |
(OCoLC)123539480 |
| 040 ## - CATALOGING SOURCE |
| Original cataloging agency |
DNLM/DLC |
| Transcribing agency |
ASAB |
| Modifying agency |
NLM |
| -- |
BAKER |
| -- |
BTCTA |
| -- |
C#P |
| -- |
BWX |
| -- |
YDXCP |
| -- |
DLC |
| 042 ## - AUTHENTICATION CODE |
| Authentication code |
pcc |
| 050 00 - LIBRARY OF CONGRESS CALL NUMBER |
| Classification number |
R858 |
| Item number |
.B475 2008 |
| 060 10 - NATIONAL LIBRARY OF MEDICINE CALL NUMBER |
| Classification number |
W 26.55.S6 |
| Item number |
B516r 2008 |
| 082 00 - DEWEY DECIMAL CLASSIFICATION NUMBER |
| Classification number |
612 BER |
| Edition number |
22 |
| 100 1# - MAIN ENTRY--PERSONAL NAME |
| Personal name |
Berman, Jules J. |
| 245 10 - TITLE STATEMENT |
| Title |
biomedical informatics |
| Statement of responsibility, etc. |
Jules J. Berman. |
| 260 ## - PUBLICATION, DISTRIBUTION, ETC. |
| Place of publication, distribution, etc. |
Sudbury, Mass. : |
| Name of publisher, distributor, etc. |
Jones and Bartlett Publishers, |
| Date of publication, distribution, etc. |
c2008. |
| 300 ## - PHYSICAL DESCRIPTION |
| Extent |
xviii, 459 p. : |
| Other physical details |
ill. ; |
| Dimensions |
26 cm. |
| 440 #0 - SERIES STATEMENT/ADDED ENTRY--TITLE |
| Title |
Jones and Bartlett series in biomedical informatics |
| 504 ## - BIBLIOGRAPHY, ETC. NOTE |
| Bibliography, etc. note |
Includes bibliographical references (p. 299-304) and index. |
| 505 0# - FORMATTED CONTENTS NOTE |
| Formatted contents note |
Overview of the Ruby language (level 1) -- Survey of Ruby classes and the Ruby standard library (level 1) -- Object orientation in Ruby (level 2) -- Ruby extensions and standard libraries (level 2) -- Biomedical data files used in later chapters (level 1) -- Using Ruby strings, hashes, arrays, files, and directories (level 1) -- Pattern searching with regular expressions (level 1) -- File/dataset transformations (level 1) -- Indexing text (level 1) -- Searching and mining data (level 1) -- Scrubbing confidential medical data (level 1) -- Autocoding biomedical data using nomenclatures (level 3) -- Some mathematical and statistical methods (level 2) -- Cryptography and de-identification (level 2) -- Common gateway interface (level 4) -- Enter Ruby on Rails (level 4) -- The bioinformatics library, Bio, and Ruby (level 3) -- Ruby and resource description framework (level 3) -- Ruby and biological classifications (level 3) -- Book summary (level 3). |
| 650 #0 - SUBJECT ADDED ENTRY--TOPICAL TERM |
| Topical term or geographic name entry element |
Medicine |
| General subdivision |
Data processing. |
| 650 #0 - SUBJECT ADDED ENTRY--TOPICAL TERM |
| Topical term or geographic name entry element |
Biology |
| General subdivision |
Data processing. |
| 650 #0 - SUBJECT ADDED ENTRY--TOPICAL TERM |
| Topical term or geographic name entry element |
Ruby (Computer program language) |
| 650 12 - SUBJECT ADDED ENTRY--TOPICAL TERM |
| Topical term or geographic name entry element |
Medical Informatics. |
| 650 12 - SUBJECT ADDED ENTRY--TOPICAL TERM |
| Topical term or geographic name entry element |
Programming Languages. |
| 650 22 - SUBJECT ADDED ENTRY--TOPICAL TERM |
| Topical term or geographic name entry element |
Computational Biology. |
| 856 41 - ELECTRONIC LOCATION AND ACCESS |
| Materials specified |
Table of contents only |
| Uniform Resource Identifier |
<a href="http://www.loc.gov/catdir/toc/ecip0716/2007016383.html">http://www.loc.gov/catdir/toc/ecip0716/2007016383.html</a> |
| 906 ## - LOCAL DATA ELEMENT F, LDF (RLIN) |
| a |
7 |
| b |
cbc |
| c |
orignew |
| d |
1 |
| e |
ecip |
| f |
20 |
| g |
y-gencatlg |
| 942 ## - ADDED ENTRY ELEMENTS (KOHA) |
| Source of classification or shelving scheme |
|
| Koha item type |
Book |